Đường phố Thành phố Hồ Chí Minh
Nội dung tài liệu trình bày lịch sử các tên đường, lịch sử tên nhân vật được đặt cho tên đường tại Thành phố Hồ Chí Minh.
Uloženo v:
| Hlavní autor: | |
|---|---|
| Médium: | Kniha |
| Jazyk: | Undetermined |
| Vydáno: |
Hà Nội
Văn hóa - Thông tin
2001
|
| Témata: | |
| Tagy: |
Přidat tag
Žádné tagy, Buďte první, kdo otaguje tento záznam!
|
| Thư viện lưu trữ: | Trung tâm Học liệu Trường Đại học Cần Thơ |
|---|
| LEADER | 00918nam a2200217Ia 4500 | ||
|---|---|---|---|
| 001 | CTU_134828 | ||
| 008 | 210402s9999 xx 000 0 und d | ||
| 020 | |c 140000 | ||
| 082 | |a 915.977904 | ||
| 082 | |b Th116 | ||
| 100 | |a Nguyễn, Q. Thắng | ||
| 245 | 0 | |a Đường phố Thành phố Hồ Chí Minh | |
| 245 | 0 | |c Nguyễn Q. Thắng, Nguyễn Đình Tư | |
| 260 | |a Hà Nội | ||
| 260 | |b Văn hóa - Thông tin | ||
| 260 | |c 2001 | ||
| 520 | |a Nội dung tài liệu trình bày lịch sử các tên đường, lịch sử tên nhân vật được đặt cho tên đường tại Thành phố Hồ Chí Minh. | ||
| 650 | |a Vietnam,Vietnam,Roads - Vietnam - History,Việt Nam | ||
| 650 | |x Description and travel,Biography,Mô tả và du lịch | ||
| 904 | |i Duy Bằng | ||
| 980 | |a Trung tâm Học liệu Trường Đại học Cần Thơ | ||